<?xml version="1.0" encoding="utf-8"?>
<?xml-stylesheet type='text/xsl' href='./oai2.xsl'?>
<OAI-PMH xmlns="http://www.openarchives.org/OAI/2.0/" xmlns:xsi="http://www.w3.org/2001/XMLSchema-instance" xsi:schemaLocation="http://www.openarchives.org/OAI/2.0/ http://www.openarchives.org/OAI/2.0/OAI-PMH.xsd">
  <responseDate>2026-05-15T19:26:07Z</responseDate>
  <request verb="GetRecord" metadataPrefix="marcxml" identifier="record_kuniweb_2665180">https://kulturerbe.niedersachsen.de/oai</request>
  <GetRecord>
    <record>
      <header>
        <identifier>record_kuniweb_2665180</identifier>
        <datestamp>2026-03-31T19:09:18Z</datestamp>
        <setSpec>slg0175</setSpec>
      </header>
      <metadata>
        <marc:record xmlns:marc="http://www.loc.gov/MARC21/slim" xsi:schemaLocation="http://www.loc.gov/MARC21/slim http://www.loc.gov/standards/marcxml/schema/MARC21slim.xsd">
          <marc:leader>12345nkm  22     uu 4500</marc:leader>
          <marc:controlfield tag="001">2665180</marc:controlfield>
          <marc:controlfield tag="003">http://kuniweb.gbv.de</marc:controlfield>
          <marc:controlfield tag="005">2025-05-28T11:28:49</marc:controlfield>
          <marc:controlfield tag="008">|           ||||||||||||||||||||||</marc:controlfield>
          <marc:datafield tag="245" ind1="1" ind2="0">
            <marc:subfield code="a">Dr. Willelm Nicolaas Du Rieu</marc:subfield>
          </marc:datafield>
          <marc:datafield tag="700" ind1="1" ind2=" ">
            <marc:subfield code="a">J. Goedeljee</marc:subfield>
            <marc:subfield code="e">FotografIn</marc:subfield>
            <marc:subfield code="e">HerausgeberIn</marc:subfield>
          </marc:datafield>
          <marc:datafield tag="655" ind1=" " ind2="7">
            <marc:subfield code="a">Fotografie</marc:subfield>
          </marc:datafield>
          <marc:datafield tag="046" ind1=" " ind2=" ">
            <marc:subfield code="k">1878</marc:subfield>
            <marc:subfield code="k">ca. 1878 - ca. 1879 (Fotografie nicht datiert; Verweis auf Auszeichnung des Fotografen 1877 auf dem Untersatzkarton (verso) - zu dieser Zeit Ernennung Du Rieus zum Bibliotheksdirektor (möglicher Anlass zur Aufnahme der Fotografie, entspräche dem ungefähren Alter Du Rieus von 50 Jahren zum Zeitpunkt der Aufnahme))</marc:subfield>
            <marc:subfield code="l">1879</marc:subfield>
          </marc:datafield>
          <marc:datafield tag="260" ind1=" " ind2=" ">
            <marc:subfield code="g">1878</marc:subfield>
            <marc:subfield code="g">1879</marc:subfield>
            <marc:subfield code="g">ca. 1878 - ca. 1879 (Fotografie nicht datiert; Verweis auf Auszeichnung des Fotografen 1877 auf dem Untersatzkarton (verso) - zu dieser Zeit Ernennung Du Rieus zum Bibliotheksdirektor (möglicher Anlass zur Aufnahme der Fotografie, entspräche dem ungefähren Alter Du Rieus von 50 Jahren zum Zeitpunkt der Aufnahme))</marc:subfield>
          </marc:datafield>
          <marc:datafield tag="300" ind1=" " ind2=" ">
            <marc:subfield code="a">Höhe: 94 mm (Fotografie)
Breite: 59 mm (Fotografie)
Höhe: 104 mm (Untersatzkarton)
Breite: 65 mm (Untersatzkarton)</marc:subfield>
          </marc:datafield>
          <marc:datafield tag="520" ind1=" " ind2=" ">
            <marc:subfield code="a">kleinformatige Fotografie des Oberbibliothekars Willem Nicolaas Du Rieu im Visitformat von J. Goedeljee, Leiden, Fotografie nicht datiert - Verweis auf Auszeichnung des Fotografen 1877 auf dem Untersatzkarton (verso); 1879 Ernennung Du Rieus zum Bibliotheksdirektor (möglicher Anlass zur Aufnahme der Fotografie, entspräche dem ungefähren Alter Du Rieus von 50 Jahren zum Zeitpunkt der Aufnahme). Kennenlernen von Allmers und Du Rieu in Rom 1858/59 - dort beide Mitglied der "Colonna-Gesellschaft" (T. Mahler 05/2025)

Aufschrift:
"Oberbibliothekar./ Dr. du Rieu/ Leiden./ zur Erinnerung/ an Rom 1858." verso o. mittig (Bez. von Allmers' Hand in schwarzer Tinte auf dem Untersatzkarton (verso))

Aufdruck:
"J. Goedeljee" u. li. "Leiden" u. re. "J. Goedeljee/ Photograaf/ z. K. H. Prins Alexander/ der Nederlanden/ Prins van Oranje/ en H. K. H./ Prinses Hendrik/ der Nederlanden./ Leiden/ Hoogewoerd 160/ nabij de Plantage." verso (Druck des Fotografen und Verlags auf dem Untersatzkarton)

Literatur in Zusammenhang:
H. Allmers, H. G. Steimer, und A. Behne, „Briefwechsel mit Freunden in der Ferne 1880-1901“, Briefwechsel, Bd. 3, Teilband 2. Edition Temmen, Bremen, 2019. (Vgl. S. 685)</marc:subfield>
          </marc:datafield>
          <marc:datafield tag="650" ind1="1" ind2=" ">
            <marc:subfield code="a">Grafik, Fotografie &gt; Fotografie &gt; Fotoabzug</marc:subfield>
          </marc:datafield>
          <marc:datafield tag="773" ind1="0" ind2=" ">
            <marc:subfield code="t">Sammlung und Nachlass Hermann Allmers</marc:subfield>
          </marc:datafield>
          <marc:datafield tag="852" ind1=" " ind2=" ">
            <marc:subfield code="a">Archiv des Landkreises Cuxhaven</marc:subfield>
          </marc:datafield>
          <marc:datafield tag="852" ind1=" " ind2=" ">
            <marc:subfield code="a">Leiden</marc:subfield>
          </marc:datafield>
          <marc:datafield tag="" ind1=" " ind2=" ">
            <marc:subfield code="a">Sammlung und Nachlass Hermann Allmers sind Eigentum der Hermann-Allmers-Gesellschaft e. V. und werden in zwei Teilen an zwei Standorten verwahrt:
Die (museale) Sammlung, bestehend aus Mobiliar und Hausgerät, Tafelgemälden, kleineren und größeren Antiken, Gipsabgüssen, kunsthandwerklichen Objekten aus Keramik und Glas und einer kleinen Bibliothek, befindet sich im Allmers-Haus in Rechtenfleth.
Der literarische, grafische und fotografische "Nachlass Hermann Allmers" hingegen ist im Archiv des Landkreises Cuxhaven in Otterndorf deponiert.</marc:subfield>
          </marc:datafield>
          <marc:datafield tag="" ind1=" " ind2=" ">
            <marc:subfield code="a">Namensnennung - Nicht kommerziell - Keine Bearbeitungen 4.0 International (CC BY-NC-ND 4.0)</marc:subfield>
          </marc:datafield>
        </marc:record>
      </metadata>
    </record>
  </GetRecord>
</OAI-PMH>
